| 000 | 00000cam 2200000zi 4500 |
| 001 | 9.961386 |
| 003 | CaOODSP |
| 005 | 20260525112621 |
| 006 | m o d f |
| 007 | cr mn||||||||| |
| 008 | 260327e200412##onca obf f000 0 eng d |
| 040 | |aCaOODSP|beng|erda|cCaOODSP |
| 043 | |an-cn--- |
| 086 | 1 |aT52-4/275-2004E-PDF |
| 245 | 00|aWhen in doubt : |bsmall and large aircraft : aircraft critical surface contamination training for aircrew and groundcrew. |
| 250 | |aSeventh edition. |
| 264 | 1|aOttawa, Ontario, Canada : |bTransport Canada = Transports Canada, |cDecember 2004. |
| 300 | |a1 online resource (138 pages) : |billustrations |
| 336 | |atext|btxt|2rdacontent |
| 337 | |acomputer|bc|2rdamedia |
| 338 | |aonline resource|bcr|2rdacarrier |
| 500 | |aIssued also in French under title: Dans le doute : programme de formation pour petits et gros aéronefs : formation sur la contamination des surfaces critiques des aéronefs à l'intention des équipages de conduite et du personnel de piste. |
| 500 | |a"TP 10643E." |
| 504 | |aIncludes bibliographical references. |
| 520 | |a"There is no such thing as a little ice. In airline operations where large numbers of aircraft are dispatched, the process of assuring that each flight will be safe must be a team effort. In smaller commercial and in private operations, the pilot may have to perform all the functions. … The degradation in aircraft performance and changes in flight characteristics when frozen contaminants are present are wide-ranging and unpredictable. Contamination makes no distinction between large aircraft, small aircraft or helicopters, the performance penalties and dangers are just as real. To assist air operators in establishing Surface Contamination Training, Transport Canada has made available this training package concerning the adverse effect of critical surface contamination on aircraft performance. This package consists of three video's and this accompanying Training Manual (TP 10643 E) plus sample examination questions. This information is intended to reach all pilots and other personnel who are involved in aircraft operations. This publication is to be used with reference to the Canadian Aviation Regulations (CARs) Parts VI and VII, Ground Icing Operations Update TP-14052E, the Aeronautical Information Publication (A.I.P.) - Canada, and industry publications. …"--Foreword, page 10. |
| 650 | 0|aAirplanes|xIce prevention|zCanada|vHandbooks, manuals, etc. |
| 650 | 0|aHelicopters|zCanada|xSafety measures|vHandbooks, manuals, etc. |
| 650 | 0|aAeronautics|zCanada|xSafety measures|vHandbooks, manuals, etc. |
| 650 | 0|aIce prevention and control|zCanada|vHandbooks, manuals, etc. |
| 650 | 0|aFlight crews|xTraining of|zCanada|vHandbooks, manuals, etc. |
| 650 | 0|aAviation ground crews|xTraining of|zCanada|vHandbooks, manuals, etc. |
| 655 | 7|aHandbooks and manuals|2lcgft |
| 710 | 1 |aCanada. |bTransport Canada, |eissuing body. |
| 775 | 08|tDans le doute : |w(CaOODSP)9.963034 |
| 856 | 40|qPDF|s1.10 MB|uhttps://publications.gc.ca/collections/collection_2026/tc/T52-4-275-2004-eng.pdf |
| 856 | 4 |qHTML|sN/A|uhttps://tc.canada.ca/en/aviation/publications/when-doubtsmall-large-aircraft-aircraft-critical-surface-contamination-training-tp-10643 |
| 986 | |aTP 10643E |